Brock biology of microorganisms. (12th ed.) (Record no. 77756)

MARC details
000 -LEADER
fixed length control field 00883nam a2200217 a 4500
008 - FIXED-LENGTH DATA ELEMENTS--GENERAL INFORMATION
fixed length control field 100722s2009 ||||||||||||||||| || u
020 ## - INTERNATIONAL STANDARD BOOK NUMBER
International Standard Book Number 9780321536150
050 ## - LIBRARY OF CONGRESS CALL NUMBER
Classification number QR 41.2 Bio
100 ## - MAIN ENTRY--PERSONAL NAME
Personal name Madigan, Michael T
245 10 - TITLE STATEMENT
Title Brock biology of microorganisms. (12th ed.)
Statement of responsibility, etc. by Michael T. Madigan [and others]
250 ## - EDITION STATEMENT
Edition statement 12th ed.
260 ## - PUBLICATION, DISTRIBUTION, ETC.
Place of publication, distribution, etc. Boston:
Name of publisher, distributor, etc. Pearson Education, Inc
Date of publication, distribution, etc. 2009
300 ## - PHYSICAL DESCRIPTION
Extent xxviii, 1061p. various pagings: ill.
350 ## -
-- 0.00
650 #0 - SUBJECT ADDED ENTRY--TOPICAL TERM
Topical term or geographic name entry element BIOLOGY
650 ## - SUBJECT ADDED ENTRY--TOPICAL TERM
Topical term or geographic name entry element MEDICAL MICROBIOLOGY
700 ## - ADDED ENTRY--PERSONAL NAME
Personal name Dunlop, Paul V
700 ## - ADDED ENTRY--PERSONAL NAME
Personal name Martinko, John M
995 ## -
-- SHORT LOAN BOOKS
-- 0.00
-- 741450
-- CBU-MAIN LIBRARY (Kitwe)
-- 1
-- 0.00
-- QR 41.2 BIO
-- 1
-- AVAILABLE
-- Aug 18, 2010
-- 741450
-- Short Loan Collection
995 ## -
-- SHORT LOAN BOOKS
-- 0.00
-- 741528
-- CBU-MAIN LIBRARY (Kitwe)
-- 1
-- 0.00
-- QR 41.2 BIO
-- 2
-- AVAILABLE
-- Aug 20, 2010
-- 741528
-- Short Loan Collection
999 ## -
-- 77756
-- 77756
Holdings
Withdrawn status Lost status Source of classification or shelving scheme Damaged status Not for loan Permanent Location Current Location Shelving location Date acquired Total Checkouts Full call number Barcode Date last seen Copy number Price effective from Koha item type
          CBU-MAIN LIBRARY, KITWE. CBU-MAIN LIBRARY, KITWE.   05/03/2023   QR 41.2 Bio 741450 05/03/2023 1 05/03/2023 SHORT LOAN COLLECTION
          CBU-MAIN LIBRARY, KITWE. CBU-MAIN LIBRARY, KITWE.   05/03/2023   QR 41.2 Bio 741528 05/03/2023 2 05/03/2023 SHORT LOAN COLLECTION